| 000 | 00530nam a2200217Ia 4500 | ||
|---|---|---|---|
| 008 | 170918s9999 xx 000 0 und d | ||
| 020 | _a9780590819756 | ||
| 050 | _bG822cl 1999 | ||
| 100 | _aGregory, Kristiana | ||
| 245 | _aCleopatra VII : | ||
| 245 | _bdaughter of the nile / | ||
| 245 | _cby Kristiana Gregory. | ||
| 260 | _aNew York : | ||
| 260 | _bScholastic, | ||
| 260 | _c1999 | ||
| 300 | _a221 pages : | ||
| 300 | _bcolor illustration ; | ||
| 300 | _c19cm. | ||
| 300 | _eThe royal diaries. | ||
| 500 | _a920 | ||
| 999 |
_c344173 _d344173 |
||